Süddeutsche Zeitung (Record no. 2270)
[ view plain ]
| 000 -LEADER | |
|---|---|
| campo de control de longitud fija | 00760nas a2200229 i 4500 |
| 001 - NÚMERO DE CONTROL | |
| campo de control | 2270 |
| 003 - IDENTIFICADOR DE NÚMERO DE CONTROL | |
| campo de control | ES-MaACL |
| 005 - FECHA Y HORA DE LA ÚLTIMA TRANSACCIÓN | |
| campo de control | 20250718150800.0 |
| 008 - DATOS DE LONGITUD FIJA--INFORMACIÓN GENERAL | |
| campo de control de longitud fija | 950801c1945 gw | | 1 ||er d |
| 080 ## - NÚMERO DE LA CLASIFICACIÓN DECIMAL UNIVERSAL | |
| Número de la Clasificación Decimal Universal | 430 |
| 245 00 - MENCIÓN DEL TÍTULO | |
| Título | Süddeutsche Zeitung |
| Resto del título | : Münchner neueste nachrichten aus politik, kultur, wirtschaft, sport. |
| 260 ## - PUBLICACIÓN, DISTRIBUCIÓN, ETC. | |
| Lugar de publicación, distribución, etc. | München : |
| Nombre del editor, distribuidor, etc. | Süddeutschen Verlag, |
| Fecha de publicación, distribución, etc. | 1945- |
| 300 ## - DESCRIPCIÓN FÍSICA | |
| Extensión | 8 v. ; |
| Dimensiones | 52 cm. |
| 310 ## - PERIODICIDAD ACTUAL | |
| Periodicidad actual | Diaria (exc. domingos y festivos |
| 362 0# - FECHAS DE PUBLICACIÓN Y/O DESIGNACIÓN SECUENCIAL | |
| Fecha de publicación y/o designación secuencial | 1. Jahrg., Nr. 1 (6. Okt. 1945)- |
| 500 ## - NOTA GENERAL | |
| Nota general | Descripción basada en : n. 188 (19-7-1987. |
| 650 14 - PUNTO DE ACCESO ADICIONAL DE MATERIA--TÉRMINO DE MATERIA | |
| Término de materia o nombre geográfico como elemento de entrada | Periódicos |
| 9 (RLIN) | 15941 |
| 852 ## - LOCALIZACIÓN | |
| Ubicación | ES-MaACL |
| Número de control de estantería | HEM-GF-42 |
| Signatura antigua | Olim: Hem-1815 |
| itemnumber | 2309 |
| Nota libre | Expurgado: 22-1-2025 |
| 866 #0 - MENCIÓN TEXTUAL DE FONDOS--UNIDAD BIBLIOGRÁFICA BÁSICA | |
| Fondos | (1987-88). |
| 942 ## - ELEMENTOS DE ENTRADA SECUNDARIOS (KOHA) | |
| Fuente del sistema de clasificación o colocación | Clasificación decimal universal |
| Tipo de ítem Koha | Periódico |
| Estatus retirado | Estado de pérdida | Fuente del sistema de clasificación o colocación | Estado de daño | No para préstamo | Colección | Biblioteca de origen | Biblioteca actual | Ubicación en estantería | Fecha de adquisición | Total de préstamos | Signatura topográfica completa | Código de barras | Visto por última vez | Precio de reemplazo | Tipo de ítem Koha |
|---|---|---|---|---|---|---|---|---|---|---|---|---|---|---|---|
| Expurgado | Clasificación decimal universal | Periódicos y Revistas | Biblioteca del Ateneo de Madrid | Biblioteca del Ateneo de Madrid | Depósito 1 | 17/01/2008 | HEM-GF-42 | 1002310 | 23/02/2023 | 23/02/2023 | Periódico |
